Engineering tribology / (Record no. 31722)

000 -LEADER
fixed length control field 01207cam a22003254a 4500
001 - CONTROL NUMBER
control field 12102581
003 - CONTROL NUMBER IDENTIFIER
control field OSt
005 - DATE AND TIME OF LATEST TRANSACTION
control field 20210804104124.0
008 - FIXED-LENGTH DATA ELEMENTS--GENERAL INFORMATION
fixed length control field 000711s2000 maua b 001 0 eng
010 ## - LIBRARY OF CONGRESS CONTROL NUMBER
LC control number 00058521
020 ## - INTERNATIONAL STANDARD BOOK NUMBER
International Standard Book Number 0750673044 (alk. paper)
038 ## - RECORD CONTENT LICENSOR
Staff Name KHADIJA
040 ## - CATALOGING SOURCE
Original cataloging agency DLC
Transcribing agency DLC
Modifying agency DLC
042 ## - AUTHENTICATION CODE
Authentication code pcc
050 00 - LIBRARY OF CONGRESS CALL NUMBER
Classification number TJ1075
Item number .S78 2000
082 00 - DEWEY DECIMAL CLASSIFICATION NUMBER
Classification number 621.89
Edition number 21
100 1# - MAIN ENTRY--PERSONAL NAME
Personal name Stachowiak, G. W.
Fuller form of name (Gwidon W.)
9 (RLIN) 81179
245 10 - TITLE STATEMENT
Title Engineering tribology /
Statement of responsibility, etc. Gwidon W. Stachowiak, Andrew W. Batchelor.
260 ## - PUBLICATION, DISTRIBUTION, ETC.
Place of publication, distribution, etc. Boston :
Name of publisher, distributor, etc. Butterworth-Heinemann,
Date of publication, distribution, etc. 2001
300 ## - PHYSICAL DESCRIPTION
Extent xxiii, 744 p. :
Other physical details ill. ;
Dimensions 27 cm.
504 ## - BIBLIOGRAPHY, ETC. NOTE
Bibliography, etc. note Includes bibliographical references and index.
563 ## - BINDING INFORMATION
Binding note hard cover
650 #0 - SUBJECT ADDED ENTRY--TOPICAL TERM
Topical term or geographic name entry element Tribology.
9 (RLIN) 55804
700 1# - ADDED ENTRY--PERSONAL NAME
Personal name Batchelor, A. W.
Fuller form of name (Andrew W.)
9 (RLIN) 81180
856 41 - ELECTRONIC LOCATION AND ACCESS
Materials specified Table of contents
Uniform Resource Identifier <a href="http://www.loc.gov/catdir/toc/els051/00058521.html">http://www.loc.gov/catdir/toc/els051/00058521.html</a>
856 42 - ELECTRONIC LOCATION AND ACCESS
Materials specified Publisher description
Uniform Resource Identifier <a href="http://www.loc.gov/catdir/description/els031/00058521.html">http://www.loc.gov/catdir/description/els031/00058521.html</a>
906 ## - LOCAL DATA ELEMENT F, LDF (RLIN)
a 7
b cbc
c orignew
d 1
e ocip
f 20
g y-gencatlg
942 ## - ADDED ENTRY ELEMENTS (KOHA)
Source of classification or shelving scheme
Koha item type Book
Holdings
Withdrawn status Lost status Source of classification or shelving scheme Damaged status Not for loan Permanent Location Current Location Shelving location Date acquired Total Checkouts Full call number Barcode Date last seen Date last checked out Price effective from Koha item type
          School of Mechanical & Manufacturing Engineering (SMME) School of Mechanical & Manufacturing Engineering (SMME) General Stacks 06/30/2015 2 621.89 STA SMME-245 06/11/2024 05/30/2024 06/30/2015 Book
© 2023 Central Library, National University of Sciences and Technology. All Rights Reserved.